000
00218 a2200097 4500
001
13950
100
_a
Ward A C
245
_a
Twentieth Century Prose 1940-1960
260
_a
London
_b
Longmans
_c
090
_c
10917
_d
10917
942
_a
NUST-CAE
_c
M
_c
1022
999
_c
249023
_d
249023